000 00738cam a2200241 a 4500
001 000009014
003 DO-SdBNP
005 20250609125025.0
008 000413s1999 es 000 0 spa d
040 _aDO-SdBNP
_cNOC
_dDLC
_dBNPHU
082 _a398.9
_bE74a
100 1 _aEscobar Galindo, David,
_d1943-
_923346
245 1 0 _aAstillas de Cortés Blanco /
_cDavid Escobar Galindo.
260 _aEl Salvador :
_bLa Prensa Gráfica,
_c1999.
300 _av. 1 ;
_c22 cm.
490 1 _aAstillas
_v1
650 4 _aAforismos y apotegmas
_918988
650 0 _aPalabras y frases
_910914
651 4 _aEl Salvador
_xPalabras Y Frases
_923639
830 0 _aAstillas ;
_v1
_923640
910 _aCatalogación por copia / LC
942 _2ddc
_cLBS1
999 _c8778
_d8778